000 00657nam a2200229 a 4500
005 20140310183449.0
008 081217s19uu xx 00 eng d
020 _a978-0-7619-3640-4
050 _aHF 1416
_b.M32 2008
100 _aMathur, U.C.
245 _aInternational marketing management :
_btext and cases./
260 _aLos Angeles :
_bSage,
_c2008.
300 _a583 p.:
_c26 cm.
521 _aBSBA
650 _aBSBA.
650 _aExport marketing
_xManagement.
650 _aExport marketing
_xIndia
_xManagement.
650 _aInternational trade.
650 _aInternational trade
_xIndia.
942 _cBK
_2lcc
_kFOR
999 _c23339
_d23339